The primary curriculum : learning from the international perspectives
Αποθηκεύτηκε σε:
| Άλλοι συγγραφείς: | , |
|---|---|
| Μορφή: | Βιβλίο |
| Γλώσσα: | English |
| Δημοσίευση: |
London :
Routledge,
1998
|
| Θέματα: | |
| Ετικέτες: |
Προσθήκη ετικέτας
Δεν υπάρχουν, Καταχωρήστε ετικέτα πρώτοι!
|
MARC
| LEADER | 00000nam a2200000 i 4500 | ||
|---|---|---|---|
| 001 | 1/26265 | ||
| 008 | 020809s1998 eng d | ||
| 020 | |a 0-415-15832-X | ||
| 035 | |l 10068221 | ||
| 040 | |a GR-MY-UA |b gre |e aacr | ||
| 041 | 0 | |a eng | |
| 082 | 0 | |a 372.019 | |
| 245 | 1 | 4 | |a The primary curriculum : |b learning from the international perspectives / |c edited by Janet Moyles and Linda Hargreaves |
| 260 | |a London : |b Routledge, |c 1998 | ||
| 300 | |a 226 p. | ||
| 650 | 0 | 0 | |a Education, Elementary |x Curricula |x Cross-cultural studies. |
| 650 | 0 | 0 | |a Curriculum planning |x Cross-cultural studies. |
| 650 | 0 | 0 | |a Curriculum change |x Cross-cultural studies. |
| 700 | 1 | |a Moyles, Janet R. |4 edt | |
| 700 | 1 | |a Hargreaves, Linda. |4 edt | |
| 852 | |a INST |b RHODES |e 20020809 |h 372.019 PRI |p 005400016299 |q 005400016299 |t BK |y 0 | ||
| 901 | |a BIBL4-2002-2 | ||
| 909 | |a Ρ |b 102168 | ||
| 922 | |a 4ΕΛΗ |b 200205 |c ΚΠΣ/124 | ||
| 970 | |a ΚΟΥΛΑΚΙΟΤΗ |b ΛΙΤΣΑ |z 2002/08/21 | ||